[Event "Lindores Abbey Rapid Challenge-KO"]
[Site "Online"]
[Date "2020.05.23"]
[Round "1.1"]
[White "Aronian, Levon"]
[Black "Nakamura, Hikaru"]
[Result "1/2-1/2"]
[WhiteElo "2778"]
[BlackElo "2829"]
[Annotator "TA"]
[PlyCount "82"]
[EventDate "2020.05.19"]
[EventType "tourn"]
[SourceTitle "playchess.com"]
[Source "ChessBase"]
[SourceQuality "1"]

{[%evp 14,82,11,12,17,17,15,12,24,5,5,4,4,5,7,9,0,-169,18,24,41,39,50,42,63,55,100,100,99,93,103,72,97,55,55,55,55,50,51,51,50,50,70,45,45,45,57,45,50,50,70,70,70,70,70,45,72,72,72,70,72,72,72,72,72,72,72,45,72,71,71]} 1. d4 Nf6 2. c4 e6 3. Nf3 d5 4. Nc3 Be7 5. Bf4 O-O 6. e3 Nbd7 7. c5 c6 8. h3 b6 {D37: Queen's Gambit Declined: 5 Bf4.} 9. b4 a5 10. a3 $1 h6 {[#] The position is equal.} 11. Qb1 $146 (11. Bd3 Ba6 12. O-O Bxd3 13. Qxd3 Qc8 14. Rfc1 Qb7 15. Rab1 axb4 16. axb4 Rfc8 17. Nd2 {0-1 (39) Aronian,L (2792)-Nakamura,H (2787) Zuerich 2016}) ({Predecessor:} 11. Qc1 Bb7 12. Bd3 Qc8 13. O-O Ba6 14. Bxa6 Rxa6 15. Qb2 Qb7 16. Rfb1 axb4 17. axb4 Rxa1 18. Qxa1 {0-1 (138) Nepomniachtchi,I (2784)-Nakamura,H (2736) chess.com INT 2020}) 11... Ne4 12. Nxe4 dxe4 13. Ne5 Nxe5 14. Bxe5 Qd5 {next ...axb4 is good for Black.} 15. Qb2 $2 {[#]} ({Much weaker is} 15. cxb6 axb4 16. Be2 Bb7 $15) (15. Qc1 $11 {and White is okay.}) 15... b5 $2 (15... axb4 $19 16. axb4 Rxa1+ 17. Qxa1 Qb3) 16. Be2 $11 a4 17. O-O Bd7 18. f3 f5 19. Qd2 Be8 20. fxe4 fxe4 21. Rxf8+ Bxf8 22. Bd1 Bg6 23. Bc2 Be7 24. Bb1 Rf8 25. Ba2 Qd7 26. Qe1 Kh7 27. Qg3 Bd8 28. Rf1 Rxf1+ 29. Kxf1 Qf7+ 30. Ke1 Qf5 31. Qf4 {[#] aiming for Qxf5.} Qf7 32. Bb1 {And now Qxf7 would win.} Kg8 $1 33. Qxf7+ Kxf7 $14 {[%mdl 4096] Endgame KBB-KBB} 34. Kf2 Bf5 35. g4 Bh7 36. Kg3 g5 37. Bc2 Bg6 38. Bd1 Kg8 39. Be2 Be8 40. Bf1 Kf8 41. Bg2 Bg6 {Accuracy: White = 78%, Black = 79%.} 1/2-1/2

[Event "Lindores Abbey Rapid Challenge-KO"]
[Site "Online"]
[Date "2020.05.25"]
[Round "1.1"]
[White "Aronian, Levon"]
[Black "Nakamura, Hikaru"]
[Result "1/2-1/2"]
[WhiteElo "2778"]
[BlackElo "2829"]
[Annotator "TA"]
[PlyCount "66"]
[EventDate "2020.05.19"]
[EventType "tourn"]
[SourceTitle "playchess.com"]
[Source "ChessBase"]
[SourceQuality "1"]

{[%evp 14,66,25,0,10,8,13,9,26,14,17,18,18,20,16,8,6,6,9,6,7,6,12,2,16,9,4,-24,-25,-31,-27,-45,-22,-38,-30,-28,0,0,0,0,0,-23,-8,-14,-18,-55,-52,-47,-18,-8,0,-35,0,-15,0]} 1. d4 Nf6 2. c4 e6 3. Nf3 d5 4. Nc3 Be7 5. Bf4 O-O 6. e3 Nbd7 7. c5 c6 8. h3 b6 {D37: Queen's Gambit Declined: 5 Bf4.} 9. b4 a5 10. a3 $1 h6 11. Qc1 (11. Bd3 Ba6 12. O-O Bxd3 13. Qxd3 Qc8 14. Rfc1 Qb7 15. Rab1 axb4 16. axb4 Rfc8 17. Nd2 Bd8 18. Nb3 Bc7 19. Bxc7 Qxc7 20. Ra1 Qb7 21. b5 Rxa1 22. Rxa1 bxc5 {0-1 (39) Aronian,L (2792)-Nakamura,H (2787) Zuerich 2016}) 11... Bb7 12. Be2 Qc8 13. O-O Ba6 14. Re1 Qb7 15. Rb1 axb4 16. axb4 {[#]} Bxe2 $146 ({Predecessor:} 16... Rfc8 17. Nd2 Bxe2 18. Rxe2 Qa6 19. Qc2 Bd8 20. Ree1 Bc7 21. Bxc7 Rxc7 22. Rb2 bxc5 23. bxc5 Rca7 24. Ra2 Qc8 25. Rea1 Rxa2 26. Rxa2 e5 27. Rxa8 Qxa8 28. Qa4 {½-½ (28) Berkes,F (2679)-Adams,M (2720) Germany 2013}) 17. Rxe2 Ra7 18. Rc2 b5 19. Nd2 Rfa8 20. g4 Bd8 21. Bg3 Bc7 22. f4 Ra3 23. Kg2 R8a7 24. Nb3 $1 Qa8 25. Na5 {[#]} Rxc3 $1 {[%mdl 512]} 26. Rxc3 Bxa5 27. bxa5 Rxa5 28. Be1 Ne4 29. Rcb3 Ra2+ {[%mdl 1024] Black has compensation.} 30. R1b2 {next Rxa2 is good for White.} Ra1 31. Rb1 Ra2+ 32. R1b2 {Black should prevent Rxa2.} Ra1 33. Rb1 Ra2+ {Accuracy: White = 91%, Black = 93%.} 1/2-1/2

[Event "Lindores Abbey Rapid Challenge-KO"]
[Site "Online"]
[Date "2020.05.23"]
[Round "1.1"]
[White "Aronian, Levon"]
[Black "Nakamura, Hikaru"]
[Result "1-0"]
[WhiteElo "2778"]
[BlackElo "2829"]
[Annotator "TA"]
[PlyCount "235"]
[EventDate "2020.05.19"]
[EventType "tourn"]
[SourceTitle "playchess.com"]
[Source "ChessBase"]
[SourceQuality "1"]

{[%evp 14,235,10,6,7,7,5,10,16,11,11,10,16,10,27,0,0,0,14,0,0,0,22,16,32,28,50,34,95,95,102,31,39,42,59,69,69,52,54,48,53,48,56,56,56,54,122,115,102,91,93,96,97,75,75,78,79,54,37,42,45,0,0,0,0,-8,17,11,17,8,8,8,8,-24,0,0,0,0,0,0,0,3,3,0,0,0,26,8,12,9,60,22,64,0,8,8,8,8,8,12,18,0,67,67,67,66,62,60,68,61,193,8,12,0,188,0,61,60,252,201,200,193,201,60,193,193,266,176,179,183,173,8,8,8,8,8,8,8,8,8,8,8,8,8,8,8,8,8,8,8,8,7,8,7,8,8,8,8,8,7,8,7,8,8,66,8,66,8,8,8,8,8,8,8,8,8,8,7,7,7,8,8,8,8,8,8,7,7,7,7,8,7,8,8,8,8,8,8,8,8,8,8,8,8,8,8,8,8,8,8,8,8,8,8,8,8,8,8,8,8,29985,29986,29986,29987]} 1. d4 Nf6 2. c4 e6 3. Nf3 d5 4. Nc3 Be7 5. Bf4 O-O 6. e3 Nbd7 7. c5 c6 8. h3 b6 {D37: Queen's Gambit Declined: 5 Bf4.} 9. b4 a5 10. a3 $1 h6 {The position is equal.} 11. Bd3 Ba6 {Threatens to win with ...Bxd3.} 12. O-O Qc8 (12... Bxd3 13. Qxd3 Qc8 14. Rfc1 Qb7 15. Rab1 axb4 16. axb4 Rfc8 17. Nd2 Bd8 18. Nb3 Bc7 19. Bxc7 Qxc7 {0-1 (39) Aronian,L (2792)-Nakamura,H (2787) Zuerich 2016}) 13. Na4 $5 {[%mdl 4] [#] Leaves trodden paths.} Qb7 $146 ({Predecessor:} 13... Bxd3 14. Qxd3 b5 15. Nc3 Qb7 16. Nd2 Bd8 17. Nb3 a4 18. Nd2 Bc7 19. Bxc7 Qxc7 {½-½ (45) Firouzja,A (2728)-Nakamura,H (2736) chess24.com INT 2020}) 14. Qc2 Bxd3 15. Qxd3 Ne4 16. Rfb1 axb4 17. axb4 b5 18. Nc3 f5 19. Ne2 Bf6 20. Ne5 Ng5 (20... Rxa1 $14 21. Rxa1 Ra8) 21. Nxd7 $16 Qxd7 22. Nc1 (22. Be5 $16) 22... Nf7 23. Qc3 Rfe8 24. Nd3 Qb7 25. Rb3 Ra4 26. Rxa4 bxa4 27. Ra3 Qb5 28. Qc2 Ra8 29. Bc7 Bd8 (29... Ra7 $14) 30. Ba5 $1 Bf6 31. f4 ({Much weaker is} 31. Qxa4 Qxa4 32. Rxa4 e5 $14) ({Of course not} 31. Rxa4 e5 $14) 31... g5 32. g3 ({Much worse is} 32. Qxa4 Qxa4 33. Rxa4 gxf4 $11) 32... h5 33. Qxa4 Qxa4 34. Rxa4 h4 35. gxh4 (35. Kg2 {is more complex.} hxg3 36. Kxg3 gxf4+ 37. Kxf4 Kf8 38. Ra2) 35... gxf4 36. Nxf4 e5 $1 {[%cal Re5f4]} 37. Ng6 exd4 38. exd4 Bxd4+ 39. Kf1 Bf6 40. Ra2 Kh7 41. h5 Ng5 42. Nf4 Ne4 43. Nd3 Bd4 44. Rg2 f4 45. Nxf4 {next Ne6 is good for White.} Rf8 46. Bc7 Rf7 47. Ke2 {Black must now prevent Ne6.} Bc3 $132 {[%mdl 2048] Black is fighting back} 48. Ne6 {And now b5! would win.} Bxb4 49. Bd6 Bc3 50. Ng5+ (50. Bf4 {keeps more tension.} Rf5 51. Rg6 Rxh5 52. Nf8+ Kh8 53. Rxc6 Rxh3 54. Rc8) 50... Nxg5 51. Rxg5 $11 {[%mdl 4096] Endgame KRB-KRB} Bb4 (51... Rf6 $11) 52. Rg4 Rb7 53. Kd3 (53. Rg6 $14) 53... Rb5 54. Kd4 Ba3 55. Rg6 Rb3 {[%cal Ra3b2]} 56. Ke5 Rxh3 57. Ke6 Rxh5 (57... d4 $11) 58. Rg3 $1 $14 {[%cal Rg3a3]} Bb4 59. Kd7 d4 60. Kxc6 Rf5 61. Rd3 Bc3 (61... Kg6 $14) 62. Kd7 $2 ({White has to play} 62. Kb5 $18) 62... Bb4 $1 $11 63. Kc6 $2 (63. Rh3+ $11 Kg6 64. Kc6) 63... Bc3 $1 $18 64. Rg3 (64. Kb5 $18) 64... Bb4 $14 65. Kb5 Be1 $2 (65... Bxc5 $1 $14 66. Bxc5 Kh6) 66. Rh3+ Kg6 67. Kc4 $1 Ba5 68. Kxd4 (68. Ra3 $18 Be1 69. Ra1) 68... Kf7 (68... Bb4 $14) 69. Rh7+ $18 Kf6 (69... Ke6 $142 70. Rh6+ Kd7) 70. Ke4 Rf1 71. Kd5 $1 Rd1+ 72. Kc6 $2 (72. Kc4 $18) 72... Bb4 $11 73. Rh4 Ba3 74. Rh3 Bb4 75. Rb3 Rd4 76. Kb5 Bxc5 $1 77. Kxc5 {KRB-KR} Rd1 78. Re3 Rc1+ 79. Kd5 Rd1+ 80. Kc6 Kf5 81. Rf3+ Ke4 82. Rf4+ Ke3 83. Rh4 Kf3 84. Kc5 Ke3 85. Be5 Rd8 86. Bd6 Ra8 87. Kd5 Ra5+ 88. Bc5+ Kf3 (88... Kd2 $11) 89. Rc4 (89. Rh2 $1 $14) 89... Rb5 ({Better is} 89... Ra8 $11) 90. Ke5 (90. Rc2 $1 $14) 90... Rb8 91. Rc2 Re8+ 92. Kf5 Rc8 93. Rc3+ Ke2 94. Ke4 Re8+ 95. Kf4 Rd8 96. Rh3 Re8 97. Bd4 Kd2 98. Be5 Kc2 99. Ke4 Rd8 100. Rc3+ Kd2 101. Rb3 Rc8 102. Rh3 Kc2 103. Rh2+ Kb3 104. Rb2+ Ka3 105. Rb7 Re8 106. Kd5 Rc8 107. Bc7 Rh8 108. Bd6+ Ka2 109. Kc4 Rc8+ 110. Bc7 Rf8 111. Be5 Rc8+ 112. Kd3 Rc1 113. Rb2+ Ka1 114. Rf2+ Kb1 115. Bd4 {White threatens Rb2+ and mate.} Rd1+ 116. Kc3 {Intending Rb2+ and mate.} Re1 $2 {[%mdl 8192] [#]} (116... Rc1+ $11 117. Kd3 Rc8) 117. Kb3 $1 Kc1 {[#]} 118. Bc3 $1 {Accuracy: White = 81%, Black = 79%.} 1-0

[Event "Lindores Abbey Rapid Challenge-KO"]
[Site "Online"]
[Date "2020.05.24"]
[Round "1.1"]
[White "Dubov, Daniil"]
[Black "Karjakin, Sergey"]
[Result "1-0"]
[WhiteElo "2770"]
[BlackElo "2709"]
[Annotator "TA"]
[PlyCount "143"]
[EventDate "2020.05.19"]
[EventType "tourn"]
[SourceTitle "playchess.com"]
[Source "ChessBase"]
[SourceQuality "1"]

{[%evp 15,143,9,14,14,22,11,12,0,9,7,9,6,0,0,5,0,0,0,0,0,0,0,0,0,0,0,0,0,0,0,0,0,0,0,0,0,0,0,7,0,0,0,0,0,0,0,14,6,8,6,16,20,26,8,39,0,0,13,8,0,100,89,75,88,87,6,7,8,8,8,8,8,9,9,31,42,38,32,45,37,291,288,485,405,409,404,1095,1091,1048,1048,950,993,1122,1053,4019,3288,29972,29973,5497,2648,29980,29981,29981,29982,29980,29981,29981,4196,29982,29982,29982,29983,29983,29984,29984,29983,29990,29989,29989,29987,29991,29985,29985,29986,29986,29987,29986,29986,29987,29988]} 1. d4 Nf6 2. c4 e6 3. Nf3 d5 4. g3 Be7 5. Bg2 O-O 6. Nc3 {[%cal Bb1c3,Bc3d1,Bd1e3][%mdl 32]} dxc4 7. Ne5 c5 8. dxc5 Qxd1+ 9. Nxd1 {E06: Closed Catalan: Early deviations.} Bxc5 10. Ne3 {[#]} c3 $1 {[%mdl 512]} 11. bxc3 {The position is equal.} Nbd7 12. Nd3 Rb8 13. Nc4 b6 14. Bf4 Bb7 15. Bxb8 Bxg2 16. Bd6 Bxh1 17. Bxf8 Kxf8 18. f3 {[#]} Bg2 $146 ({Predecessor:} 18... g5 19. Nxc5 Nxc5 20. Kf2 Nfe4+ 21. fxe4 Bxe4 22. Ke3 Ke7 23. Ne5 Bb7 24. Nd3 Na4 {½-½ (98) Vidit,S (2707)-Dominguez Perez,L (2750) Hengshui 2019}) 19. Nf4 Bh1 20. Kf1 b5 21. Nb2 $1 e5 22. Nfd3 Ba3 $1 23. Nd1 $1 e4 24. N3f2 {[#]} Bxf3 $1 25. exf3 exf3 26. Rb1 a6 27. Rb3 Bc5 28. c4 bxc4 29. Rxf3 Ne5 30. Rf5 Nfd7 31. Ne4 Bd4 32. Ke2 g6 33. Rf1 Ke7 34. Ne3 f5 35. Nd5+ {[%mdl 1024] White has compensation.} Ke6 36. Nf4+ Ke7 $1 37. Rd1 {And now Nd5+ would win.} Bb2 (37... Nc6 $1 $11 {keeps the balance.} 38. Nd5+ Ke6 39. Nc7+ Ke7 40. Nd5+ Ke6 41. Nf4+ Ke7 42. Nd5+) 38. Nd5+ $16 Ke6 39. Ng5+ Kd6 40. Nf6+ (40. Nxh7 $16 Kc5 41. Ne3) 40... Kc6 $11 41. Nxd7 Nxd7 42. Nxh7 {[%mdl 4096] Endgame KRN-KBN} Nb6 43. Nf8 Nd5 44. Rf1 c3 45. Nxg6 {Black must now prevent Ne5+.} c2 46. Kd2 Nb4 $1 47. a4 {h4 is the strong threat.} Kd6 $2 {[%mdl 8192] Black cannot hold the game after this.} (47... Kb6 $1 $14) 48. h4 $18 c1=Q+ $2 (48... Kd5 49. Nf4+ (49. Rxf5+ Ke6 $18) 49... Kc4) 49. Rxc1 Bxc1+ 50. Kxc1 {KN-KN} Nd3+ (50... Nd5 $142 51. Kd2 Nf6) 51. Kc2 Nf2 52. h5 Ng4 53. Kd3 Kc5 54. Nh4 Kb4 55. Nxf5 Kxa4 56. h6 Nf6 57. Kc4 (57. Ne3 $142 Kb4 {[#]} 58. Nd5+ $1 {[%mdl 576] Deflection, Promotion} Nxd5 59. h7) 57... Ka5 58. Ne3 Nh7 59. Nd5 Ka4 60. g4 a5 61. Nc3+ Ka3 62. Ne4 {White mates.} a4 63. Kc3 Ka2 64. g5 Nf8 65. Kc2 a3 66. Nc3+ Ka1 67. Kb3 a2 68. Nxa2 Kb1 69. Nb4 Kc1 70. Kc3 Kd1 71. Kd3 Ne6 72. h7 {Accuracy: White = 91%, Black = 72%.} 1-0

[Event "Lindores Abbey Rapid Challenge-KO"]
[Site "Online"]
[Date "2020.05.27"]
[Round "1.1"]
[White "Dubov, Daniil"]
[Black "Karjakin, Sergey"]
[Result "1-0"]
[WhiteElo "2770"]
[BlackElo "2709"]
[Annotator "TA"]
[PlyCount "59"]
[EventDate "2020.05.19"]
[EventType "tourn"]
[SourceTitle "playchess.com"]
[Source "ChessBase"]
[SourceQuality "1"]

{[%evp 13,59,0,14,0,0,-14,-24,-84,-46,-49,-34,-18,84,80,84,69,75,74,66,95,79,45,77,51,43,56,46,40,36,31,45,56,139,98,99,100,100,111,119,94,140,147,141,70,86,73,210,210]} 1. d4 Nf6 2. c4 e6 3. Nf3 d5 4. Nc3 Be7 5. Bg5 Nbd7 6. e3 h6 7. Bf4 O-O 8. g4 $5 {[%mdl 4] Exploring less charted territory. D53: Queen's Gambit Declined: 4 Bg5 Be7: Early deviations.} c5 9. g5 hxg5 10. Nxg5 {[#]} (10. Bxg5 $11 {remains equal.} dxc4 11. Bxc4) 10... cxd4 $146 ({Predecessor:} 10... Qb6 11. b3 cxd4 12. exd4 Bb4 13. Qd3 e5 14. dxe5 Nc5 15. Qc2 Nce4 16. O-O-O Nxc3 17. exf6 {0-1 (27) Cornu,C-Bouchez,D (2135) ICCF email 2009}) 11. exd4 dxc4 12. Rg1 Nd5 (12... b5 $11 {keeps the balance.}) 13. Qc2 $1 $36 {[%csl Gg5][%cal Rc2h7][%mdl 2048] Keeping Black busy.} Bxg5 14. Bxg5 f6 {[#]} 15. Bh6 $1 {[%mdl 512]} Rf7 16. Bxc4 N7b6 17. Be2 f5 18. O-O-O Qh4 19. Bg5 Qxf2 20. Qd2 Bd7 (20... Qxh2 21. Rh1) 21. Rdf1 Qxh2 22. Rh1 Qd6 (22... Qc7 $1 $14) 23. Rh3 Nxc3 {[#]} 24. Rfh1 $1 {[%csl Gh1][%cal Rh3h8]} Nxe2+ (24... Nxa2+ 25. Kb1 $18) 25. Qxe2 {[%csl Gh1][%cal Rh3h8]} Qc6+ 26. Kb1 {[%csl Gh1][%cal Rh3h8] [#]} Qxh1+ $1 27. Rxh1 Bc6 28. Rh4 ({White should try} 28. Rh3 $16 {Black must now prevent Qh2.} Be4+ 29. Ka1) 28... Be4+ $1 $14 29. Ka1 {[%mdl 1024] Threatens to win with Qh2. White has strong compensation.} Rc8 {[#]} (29... Rff8 $16) 30. Qh2 $1 {Accuracy: White = 77%, Black = 61%.} ({Stronger than} 30. Qh5 Rfc7 $11) 1-0

[Event "Lindores Abbey Rapid Challenge-KO"]
[Site "Online"]
[Date "2020.05.27"]
[Round "1.1"]
[White "Dubov, Daniil"]
[Black "Karjakin, Sergey"]
[Result "*"]
[WhiteElo "2770"]
[BlackElo "2709"]
[Annotator "TA"]
[PlyCount "64"]
[EventDate "2020.05.19"]
[EventType "tourn"]
[SourceTitle "playchess.com"]
[Source "ChessBase"]
[SourceQuality "1"]

{[%evp 9,64,55,54,51,59,59,82,92,118,113,121,106,115,95,84,85,145,41,80,65,118,110,134,106,109,93,90,53,111,111,104,104,159,107,142,118,102,104,119,83,102,68,78,68,65,40,77,32,22,51,66,63,93,61,121,69,97]} 1. d4 Nf6 2. c4 d6 3. Nc3 Bf5 4. f3 Bd7 5. e4 e5 6. Nge2 {A53: Old Indian Defence without Nf3.} Be7 7. Be3 c5 8. d5 $1 {White is better.} Nh5 {[#]} 9. Qd2 $146 ({Predecessor:} 9. g3 Bg5 10. Bf2 g6 11. h4 Bh6 12. g4 Nf4 13. Nxf4 Bxf4 14. Bd3 Na6 15. Ne2 {1-0 (34) Glazstein,E-Shahtahtinsky,A Baku 1967}) 9... h6 10. O-O-O Bg5 11. g3 Bxe3 12. Qxe3 a6 {[#]} ({Black should play} 12... Qg5 13. f4 Qe7) 13. f4 (13. g4 $1 $16 {[%cal Rg4h5]} Nf6 14. Ng3) 13... Nf6 14. h3 Qe7 (14... O-O $14) 15. Ng1 $16 b5 {[#]} 16. fxe5 $1 (16. cxb5 $6 axb5 17. fxe5 Qxe5 $14) 16... dxe5 17. d6 ({Don't take} 17. cxb5 axb5 18. Nxb5 Rxa2 $11) 17... Qe6 18. Qxc5 ({Much worse is} 18. cxb5 axb5 19. Nxb5 (19. Qxc5 $2 O-O $17) 19... O-O $15) 18... O-O (18... Bc6 $14) 19. Nf3 Nc6 20. Qe3 bxc4 (20... Rfc8 $142) 21. Nd5 (21. g4 $142) 21... Rac8 22. Nc7 Rxc7 23. dxc7 Rc8 24. Kb1 Rxc7 25. Rh2 c3 26. bxc3 Na5 27. Rb2 Bb5 28. Nd2 Bxf1 29. Rxf1 Nc4 30. Nxc4 Rxc4 31. Qd3 {Strongly threatening Rxf6!} Ra4 ({Better is} 31... Qc8 $14) 32. Qc2 (32. g4 $16) 32... Qc4 {Accuracy: White = 70%, Black = 64%.} *

[Event "Lindores Abbey Rapid Challenge-KO"]
[Site "Online"]
[Date "2020.05.24"]
[Round "1.1"]
[White "So, Wesley"]
[Black "Carlsen, Magnus"]
[Result "0-1"]
[WhiteElo "2741"]
[BlackElo "2881"]
[Annotator "TA"]
[PlyCount "128"]
[EventDate "2020.05.19"]
[EventType "tourn"]
[SourceTitle "playchess.com"]
[Source "ChessBase"]
[SourceQuality "1"]

{[%evp 9,128,22,23,16,16,11,12,12,27,14,13,2,12,2,10,0,6,0,17,15,35,15,14,14,16,21,25,37,28,39,38,36,31,22,31,32,98,78,135,126,117,43,100,91,106,0,33,22,25,0,0,0,43,43,105,110,108,106,106,104,111,106,88,101,103,13,28,24,20,12,114,12,25,0,0,0,0,0,0,0,313,0,0,0,0,0,0,0,0,0,0,0,0,0,0,0,0,0,0,0,0,0,0,0,0,0,0,0,0,0,0,0,0,-1799,-1965,-1983,-1824,-6601,-5106,-4133,-4133]} 1. e4 e5 2. Nf3 Nc6 3. Bb5 Nf6 4. d3 Bc5 5. Bxc6 dxc6 6. O-O {C65: Ruy Lopez: Berlin Defence (3...Nf6), unusual lines and 4 0-0 Bc5.} Qe7 7. Nbd2 Bg4 8. h3 {The position is equal.} Bh5 9. Nc4 Nd7 10. a3 {[#]} a6 $1 $146 {[%mdl 8] A top novelty.} ({Predecessor:} 10... f6 11. b4 Bd6 12. Ne3 Nf8 13. c4 Qd7 14. c5 Be7 15. Nxe5 Bxd1 16. Nxd7 Be2 {1-0 (42) So,W (2767)-Nakamura,H (2745) chess.com INT 2020}) 11. b4 Ba7 12. Be3 Bxe3 13. Nxe3 f6 14. Nf5 Qf8 15. Ng3 Bf7 16. Qd2 g6 17. Nh2 h5 18. f4 exf4 19. Qxf4 O-O-O 20. e5 f5 $1 21. Nf3 Qe7 22. Rae1 Rde8 ({Better is} 22... Rhe8 $14) 23. h4 Bd5 (23... Bg8 $142) 24. Ng5 $16 c5 25. Re3 ({White should try} 25. e6 $16 Nf6 26. Re5) 25... b5 (25... Bc6 $14) 26. Ne2 Bb7 {[%cal Rd7e5]} 27. Nc3 (27. bxc5 $16 Qxc5 28. d4 (28. e6 Nf6 $14)) 27... cxb4 (27... Nf6 $5) 28. axb4 Nf6 29. Rfe1 Ng4 30. R3e2 c5 31. e6 $1 $36 {[%mdl 2048] White has the initiative.} cxb4 ({Black should play} 31... Rd8 $1 $14) 32. Nf7 Qc7 33. Qxc7+ Kxc7 34. Nxh8 Rxh8 35. Nd1 Re8 36. e7 Bd5 37. Ne3 (37. Nf2 $16) 37... Nxe3 $11 38. Rxe3 {[%mdl 4096] Endgame Threatens to win with Kf2. KRR-KRB} a5 39. Kf2 {White wants to play Kg3.} a4 (39... Kd6 $1 $11 {remains equal.}) 40. Kg3 (40. Rb1 $1 $16) 40... a3 41. Kf4 b3 42. cxb3 {Strongly threatening b4.} b4 $1 43. d4 {Ke5 is the strong threat.} Kd6 $1 44. Re5 a2 $2 {[%mdl 8192] [#]} (44... Bxb3 $11 {and Black stays safe.} 45. Rb5 Rxe7 46. Rxe7 Kxe7 47. Rxb4 a2 48. Rb7+ Kd6) 45. Ra1 $2 (45. R5e3 $1 $18) 45... Bxb3 {White must now prevent ...Bc4.} 46. Rb5 $1 Rxe7 {And now ...Re4+ would win.} 47. Rxb4 Re4+ 48. Kg5 Rg4+ 49. Kf6 Rg3 50. Rb5 Bc4 51. Rc5 Bd5 52. Ra5 Bb3 53. Rc1 Rxg2 54. Rcc5 Rg1 55. Ra6+ Kd7 56. Ra7+ Kd6 57. Ra6+ Kd7 58. Rca5 Bc4 59. Ra7+ Kd6 60. Ra8 $1 f4 61. Rd8+ $2 {[%mdl 8192]} (61. Rc5 $11 Kd7 62. Ra7+ Kd8 63. Ra8+ Kd7 64. Ra7+ Kd8 65. Ra8+ Kd7) 61... Kc7 $19 {Black is clearly winning.} 62. Rda8 {[#]} f3 $1 63. Rxa2 Bxa2 64. Rxa2 Kd6 {Accuracy: White = 78%, Black = 81%.} 0-1

[Event "Lindores Abbey Rapid Challenge-KO"]
[Site "Online"]
[Date "2020.05.27"]
[Round "1.1"]
[White "Yu, Yangyi"]
[Black "Ding, Liren"]
[Result "1/2-1/2"]
[WhiteElo "2738"]
[BlackElo "2836"]
[Annotator "TA"]
[PlyCount "133"]
[EventDate "2020.05.19"]
[EventType "tourn"]
[SourceTitle "playchess.com"]
[Source "ChessBase"]
[SourceQuality "1"]

{[%evp 9,133,-11,-8,-8,9,0,0,0,0,8,0,3,6,8,13,-10,13,0,2,0,13,13,24,13,15,6,29,26,15,19,37,-6,37,0,56,49,41,43,56,43,133,135,131,139,142,145,141,102,115,108,105,105,105,105,179,111,111,111,111,0,0,0,92,0,87,0,0,0,88,88,90,90,89,89,89,89,89,89,97,86,87,74,148,98,148,148,148,155,155,123,123,123,129,45,45,10,10,0,0,0,0,0,0,0,0,0,0,0,0,0,0,0,0,0,0,0,0,0,0,0,0,0,0,0,0,0]} 1. d4 Nf6 2. Nc3 d5 3. Bf4 c5 4. e3 cxd4 5. exd4 a6 6. Nf3 {B13: Caro-Kann: Exchange Variation and Panov-Botvinnik Attack.} Bg4 7. Be2 Bxf3 8. Bxf3 Nc6 9. Ne2 {[%cal Bc3e2,Be2c1,Bc1d3,Bd3c5,Bc5a4][%mdl 32]} e6 10. O-O Bd6 11. c3 O-O {[#]} 12. Bg5 $146 ({Predecessor:} 12. Re1 Bxf4 13. Nxf4 Qd6 14. Nd3 Nd7 15. g3 Rfc8 16. Bg2 Rab8 17. f4 Na5 18. f5 exf5 {1-0 (36) Colovic,D (2324)-Mandukhai,M (1687) Belgrade 2019}) 12... Be7 13. Nc1 b5 14. a3 {[%cal Ba2a3,Ba3a4][%mdl 32]} Na5 15. Nd3 Nc4 16. Qe2 a5 17. a4 Qb6 18. b3 Nd6 19. Nc5 Ra7 20. Rfb1 Rb8 21. g3 bxa4 (21... b4 $11) 22. Nxa4 Qd8 23. Bf4 Rc8 24. Nc5 Nf5 (24... Nfe4 $14 25. Qd3 (25. Nxe4 dxe4 26. Bxe4 Nxe4 $11) (25. Bxe4 Nxe4 26. Nxe4 dxe4 $11) 25... Bf6) 25. Nxe6 $16 Qb6 26. Nc5 $1 Bxc5 27. dxc5 Qxc5 28. b4 axb4 29. cxb4 Rxa1 30. bxc5 Rxb1+ 31. Kg2 {Strongly threatening Qe5.} Rb4 {[#]} (31... Nd4 $16 32. Qa2 Re1) 32. Qa6 (32. Be5 $1 $18) 32... Re8 33. Bg5 {[%mdl 1024] White has strong compensation.} Ne4 {[#]} 34. Qc6 $1 {[%mdl 512]} Rbb8 $1 $11 35. Bf4 $40 {[%mdl 128] White attacks.} Rbd8 (35... Ne7 $11 36. Qa4 Rbc8) 36. Bc7 ({Better is} 36. Qb6 $16) 36... Rc8 (36... Nd4 $11 {remains equal.} 37. Qa4 Rc8) 37. Bg4 ({White should try} 37. Qxd5 $16 Ng5 38. Qd7 (38. Qxf5 Nxf3 39. Bd6 Nd4 $16) 38... Nxf3 39. Kxf3) 37... Nd4 38. Qxd5 Rxc7 (38... Ne6 $11 {keeps the balance.} 39. Qxe4 Rxc7) 39. Qxd4 $16 Nxc5 40. Qd6 Rcc8 41. Bxc8 Rxc8 {[%mdl 4096] Endgame KQ-KRN} 42. f4 Ne6 43. f5 Nf8 44. h4 h6 45. g4 Nh7 (45... Rc4 $142) 46. Kg3 Nf6 {Hoping for ...Ne4+.} 47. Qd4 Rc3+ 48. Kf2 Rc8 49. g5 hxg5 50. hxg5 Nh7 {[#]} 51. Qe3 (51. g6 $1 $16 {[%cal Rg6f7] gxf7+ is the strong threat.} fxg6 52. fxg6 Rf8+ 53. Kg2) 51... Nf8 $14 52. Kg3 (52. g6 $5 fxg6 53. Qb3+ Kh7 54. fxg6+ Kxg6 55. Qd3+ Kg5 56. Qb5+ Kf4 57. Qb4+ Ke5 58. Qb2+ Ke6 59. Qe2+ (59. Qxg7 Nd7 $16) 59... Kd6 60. Qd2+ Ke7 61. Qg5+ Ke8 62. Qe3+ Kf7 63. Qa7+ Ke8 64. Qe3+ (64. Qxg7 Ne6 $14) 64... Kf7 65. Qf3+ Ke7 66. Qa3+ Kd7 67. Qd3+ Ke7 68. Qa3+ Kd7 69. Qa7+ Rc7 70. Qd4+ Ke8 71. Qb6 Rf7+ 72. Ke3 $14) 52... g6 {The position is equal.} 53. f6 Ne6 54. Qe5 Rd8 55. Qb5 Rc8 56. Kg4 Rd8 57. Qb6 Rc8 58. Qb7 Rd8 59. Qh1 Rf8 60. Kg3 Rd8 61. Kg4 Rf8 62. Qb7 Rd8 63. Qe7 Rf8 64. Kg3 Rd8 65. Kg4 Rf8 66. Qd6 Rd8 67. Qe7 {Accuracy: White = 76%, Black = 82%.} 1/2-1/2